[Event "Montevideo"]
[Site "Montevideo"]
[Date "1994.??.??"]
[Round "6"]
[White "Del Rey, Diego"]
[Black "Donatti, Alvaro"]
[Result "1-0"]
[WhiteElo "2400"]
[BlackElo "2265"]

1.d4 d5 2.c4 c6 3.Nf3 Nf6 4.e3 e6 5.Nc3 Nbd7 6.Qc2 Bd6 7.Be2 O-O 8.O-O dxc4
9.Bxc4 e5 10.Rd1 Qe7 11.Bb3 e4 12.Nd2 Bxh2+ 13.Kxh2 Ng4+ 14.Kg1 Qh4 15.Nf1 Ndf6
16.f3 exf3 17.gxf3 Nh6 18.Qh2 Bh3 19.Qg3 Qh5 20.e4 Kh8 21.Be3 Rad8 22.Rd2 Be6
23.Rh2 Qa5 24.Qe5 Qxe5 25.dxe5 Nd7 26.f4 Bxb3 27.axb3 Ng4 28.Rd2 Nxe3 29.Nxe3 Nc5
30.Rxd8 Rxd8 31.Rxa7 h5 32.b4 Nd3 33.Rxb7 Nxf4 34.Rxf7 g5 35.b5 cxb5 36.Ncd5 Kg8
37.Rb7 h4 38.Nxf4  1-0

[Event "Moravia-ch op"]
[Site "Moravia"]
[Date "1994.??.??"]
[Round "?"]
[White "Polak, Tomas"]
[Black "Chura, Jan"]
[Result "1-0"]
[WhiteElo "2410"]
[BlackElo "2220"]

1.d4 d5 2.c4 c6 3.Nc3 Nf6 4.e3 e6 5.Nf3 Nbd7 6.Bd3 dxc4 7.Bxc4 b5 8.Bd3 a6
9.e4 c5 10.d5 e5 11.b3 c4 12.bxc4 Bb4 13.Bd2 bxc4 14.Bxc4 Qc7 15.Qe2 Bxc3
16.Bxc3 Nb6 17.Nd2 Bg4 18.f3 Bd7 19.Rb1 Nxc4 20.Qxc4 Qxc4 21.Nxc4 Bb5 22.Nd6+ Kd7
23.Bxe5 Nxd5 24.Nxb5 axb5 25.Rd1  1-0

[Event "Moravka opJ"]
[Site "?"]
[Date "1994.??.??"]
[Round "6"]
[White "Zajogin, Alexander"]
[Black "Pisk, Petr"]
[Result "0-1"]
[WhiteElo "2380"]
[BlackElo "2250"]

1.d4 d5 2.c4 c6 3.Nc3 Nf6 4.e3 e6 5.Nf3 Nbd7 6.Bd3 dxc4 7.Bxc4 b5 8.Bd3 a6
9.e4 c5 10.d5 e5 11.O-O c4 12.Bc2 Bc5 13.b3 cxb3 14.axb3 Qb6 15.Bb2 O-O 16.Ne2 Qd6
17.Ng3 g6 18.Qd2 Ne8 19.Qh6 f6 20.Nh4 Qe7 21.Kh1 Nd6 22.Bc1 Nb6 23.Nf3 a5
24.Ne1 Bd7 25.Nd3 Bd4 26.Ra2 b4 27.f3 Rac8 28.Ne2 Nb5 29.Bd1 a4 30.bxa4 Nc3
31.Nxc3 Rxc3 32.Be2 Bxa4 33.Bd2 b3 34.Bxc3 Bxc3 35.Rxa4 Nxa4 36.Rb1 Rb8 37.Bd1 Qa3
38.d6 b2 39.Qh3 Qxd6 40.f4 Nc5 41.Nxc5 Qxc5 42.Qe6+ Kg7 43.fxe5 Bxe5 44.Qd7+ Kh8
45.Qd3 Rc8 46.g3 Qc3 47.Qd5 Qc4  0-1

[Event "Moscow-ch"]
[Site "Moscow"]
[Date "1994.??.??"]
[Round "?"]
[White "Zhidkov, Valery S"]
[Black "Kossov, Aleksandr S"]
[Result "1-0"]
[WhiteElo "2395"]
[BlackElo "2380"]

1.Nf3 Nf6 2.c4 e6 3.Nc3 d5 4.d4 c6 5.e3 Nbd7 6.Qc2 Be7 7.Be2 O-O 8.O-O Re8
9.Rd1 b6 10.e4 dxe4 11.Nxe4 Bb7 12.Bf4 Nxe4 13.Qxe4 Qc8 14.Ng5 Nf6 15.Qc2 h6
16.Nf3 c5 17.Ne5 cxd4 18.Rxd4 Bc5 19.Rdd1 Ne4 20.Bd3 f5 21.Bxe4 Bxe4 22.Qe2 Re7
23.a3 a5 24.Rd2 Qb7 25.Rad1 Rae8 26.Rd7 Qa8 27.Qh5 Bc6 28.Nxc6 Qxc6 29.Bxh6 Rf8
30.Rxe7 Bxe7 31.Be3 Bf6 32.Qe2 Rc8 33.b3 a4 34.bxa4 Qxa4 35.Bxb6 Qxc4 36.Qxc4 Rxc4
37.Bd8 Bb2 38.Be7 Rc3 39.Bb4 Rb3 40.Rb1 Rd3 41.Kf1 Be5 42.h3 Rd5 43.Ke2 Bd4
44.a4 Re5+ 45.Kf3 g5 46.Re1 Rxe1 47.Bxe1 e5 48.Ke2 Kf7 49.Bd2 Kf6 50.a5 f4
51.f3 Ke6 52.Kd3 Kd5 53.a6 Ba7 54.Ba5 Kc5 55.Bd8 Kb5 56.Bxg5 Kxa6  1-0

[Event "Moscow-ch"]
[Site "Moscow"]
[Date "1994.??.??"]
[Round "?"]
[White "Korotylev, Alexey"]
[Black "Paronjan, Aleksandar"]
[Result "1-0"]
[WhiteElo "2430"]
[BlackElo "2355"]

1.d4 d5 2.c4 c6 3.e3 Nf6 4.Nc3 e6 5.Nf3 Nbd7 6.Qc2 Bd6 7.Be2 O-O 8.O-O b6
9.e4 dxe4 10.Nxe4 Nxe4 11.Qxe4 Bb7 12.Bd3 Nf6 13.Qh4 Be7 14.Bg5 g6 15.Rad1 Re8
16.Rfe1 Nd7 17.c5 Nf8 18.Qf4 Rc8 19.b4 Rc7 20.Bxe7 Qxe7 21.Ng5 Rd8 22.Ne4 Kg7
23.Qe5+  1-0

[Event "Moscow-ch"]
[Site "Moscow"]
[Date "1994.??.??"]
[Round "?"]
[White "Zhidkov, Valery S"]
[Black "Ulko, Jaroslav"]
[Result "1-0"]
[WhiteElo "2395"]
[BlackElo "2295"]

1.Nf3 Nf6 2.c4 c6 3.d4 d5 4.Nc3 e6 5.e3 Ne4 6.Bd3 f5 7.Ne5 Qh4 8.O-O Nd7
9.f4 Bd6 10.Rf3 O-O 11.Bd2 Nxe5 12.fxe5 Be7 13.Be1 Qh6 14.Rh3 Qg6 15.Bh4 Ng5
16.Bxg5 Bxg5 17.Rg3 Qh6 18.Qd2 g6 19.Rh3 Qg7 20.Ne2 Be7 21.Nf4 Rf7 22.cxd5 cxd5
23.Rf1 Bd7 24.Qa5 Qf8 25.Bb5 Qc8 26.Qa4 Bxb5 27.Qxb5 g5 28.Rg3 Kh8 29.Nd3 Qc6
30.Qxc6 bxc6 31.Rgf3 g4 32.R3f2 Bg5 33.Re2 Rb8 34.Rc1 Rb6 35.g3 Kg8 36.Kf2 Rc7
37.Rc3 Be7 38.Rc1 Kf7 39.Rec2 Ke8 40.h3 h5 41.hxg4 hxg4 42.Rh1 Bf8 43.Nf4 c5
44.Rh8 c4 45.Ng6 Kf7 46.Nxf8 Rcb7 47.b3 Kg7 48.Rh7+ Kxf8 49.Rxb7 Rxb7 50.bxc4 dxc4
51.e4  1-0

[Event "Moscow-ch"]
[Site "Moscow"]
[Date "1994.??.??"]
[Round "?"]
[White "Notkin, Maksim"]
[Black "Ulko, Jaroslav"]
[Result "0-1"]
[WhiteElo "2465"]
[BlackElo "2295"]

1.d4 d5 2.c4 c6 3.Nf3 Nf6 4.Nc3 e6 5.e3 Ne4 6.Nd2 f5 7.Ndxe4 fxe4 8.f3 Bd6
9.fxe4 Qh4+ 10.Kd2 dxe4 11.Qe1 Qh6 12.Kc2 e5 13.c5 Bc7 14.Bc4 Be6 15.d5 cxd5
16.Nxd5 Na6 17.Bb5+ Kd8 18.Qd2 Nxc5 19.Rd1 Nd3 20.Bxd3 exd3+ 21.Qxd3 Bxd5
22.Qxd5+ Kc8 23.Bd2 Qg6+ 24.Qd3 e4 25.Qe2 Qe6 26.Bc3 Kb8 27.Rd4 Rc8 28.Qc4 Qg4
29.Rd2 Bxh2 30.Qd5 a5 31.Rh1 Bg3 32.Qh5 Qe6 33.Qd5 Qg6 34.Qh5 Ra6 35.Qxg6 Rxg6
36.Rxh7 Be1 37.Re2 Bxc3 38.bxc3 Rgc6 39.Rxg7 Rxc3+ 40.Kd2 Rc1  0-1

[Event "Moscow ol (Women)"]
[Site "Moscow"]
[Date "1994.??.??"]
[Round "1"]
[White "Kadimova, Ilaha"]
[Black "Parveen, Tanima"]
[Result "1-0"]
[WhiteElo "2355"]
[BlackElo "2065"]

1.d4 d5 2.c4 e6 3.Nc3 c6 4.e3 Nf6 5.Nf3 Bd6 6.Bd3 O-O 7.O-O Nbd7 8.e4 dxe4
9.Nxe4 Nxe4 10.Bxe4 h6 11.Bc2 e5 12.b3 Re8 13.Re1 exd4 14.Rxe8+ Qxe8 15.Qxd4 Bc5
16.Qd3 Nf8 17.Bb2 Bg4 18.h3 Bxf3 19.Qxf3 Rd8 20.Qg4 Ng6 21.Bc3 Ne5 22.Qf5 f6
23.Qe4 Qe7 24.Re1 Bb4 25.Bxb4 Qxb4 26.Kf1 Rd2 27.f4 Qc3 28.Re2 f5 29.Qxf5 Qa1+
30.Re1 Qc3 31.Rxe5  1-0

[Event "Moscow op"]
[Site "Moscow"]
[Date "1994.??.??"]
[Round "2"]
[White "Panchenko, Alexandar G"]
[Black "Lebedev, Vasili"]
[Result "1-0"]
[WhiteElo "2485"]
[BlackElo "2255"]

1.Nf3 d5 2.e3 Nf6 3.c4 c6 4.Nc3 e6 5.d4 a6 6.Bd3 dxc4 7.Bxc4 c5 8.O-O Nc6
9.Qe2 b5 10.Bb3 cxd4 11.exd4 Be7 12.Rd1 Nb4 13.Ne5 O-O 14.a3 Nbd5 15.Nxd5  1-0

[Event "Moscow ol (Men)"]
[Site "Moscow"]
[Date "1994.??.??"]
[Round "2"]
[White "Dydyshko, Viacheslav"]
[Black "Tisdall, Jonathan D"]
[Result "1/2-1/2"]
[WhiteElo "2510"]
[BlackElo "2465"]

1.d4 Nf6 2.c4 e6 3.Nf3 d5 4.Nc3 c6 5.e3 Nbd7 6.Qc2 Bd6 7.Be2 O-O 8.O-O Re8
9.Rd1 Qe7 10.a3 b6 11.e4 Nxe4 12.Nxe4 dxe4 13.Qxe4 Bb7 14.Ne5 f5 15.Qe3 Rad8
16.b4 c5 17.Bb2 cxb4 18.Nxd7 bxa3 19.Bxa3 Bxa3 20.Qxa3 Qxa3 21.Rxa3 Rxd7
22.Rxa7 Red8 23.Rb1 Be4 24.Rxd7 Rxd7 25.Rxb6 Rxd4 26.f3 Bd3 27.Bxd3 Rxd3
28.Rxe6 Kf7 29.Rc6 Rd1+ 30.Kf2 Rd2+ 31.Kg3 g5 32.h4 gxh4+ 33.Kh3 Rd4 34.Rh6 Rxc4
35.Rxh7+ Kg6 36.Rxh4 Rc2 37.Ra4 Kg5 38.Kg3 Rb2 39.Ra8 Rb4 40.Rg8+ Kf6 41.Ra8 Kg5
42.Rg8+ Kf6 43.Kh3 Ra4 44.Rb8 Ra7 45.Rb6+ Kg7 46.Kh4 Ra2 47.g3 Ra3 48.f4 Rc3
49.Rd6 Ra3 50.Kg5 Rxg3+ 51.Kxf5 Ra3 52.Rd7+ Kf8 53.Ke6 Ra6+ 54.Rd6 Rxd6+
55.Kxd6 Kf7  1/2-1/2

[Event "Moscow ol (Men)"]
[Site "Moscow"]
[Date "1994.??.??"]
[Round "2"]
[White "De Villiers, Charles"]
[Black "Rahman, Wali"]
[Result "1-0"]
[WhiteElo "2320"]
[BlackElo "2205"]

1.d4 d5 2.c4 c6 3.Nf3 Nf6 4.Nc3 e6 5.e3 Be7 6.Qc2 O-O 7.b3 dxc4 8.Bxc4 b5
9.Bd3 Na6 10.a3 b4 11.Ne2 Nd5 12.a4 f5 13.Nd2 c5 14.O-O cxd4 15.Nxd4 Qc7
16.Bc4 Bf6 17.Bb2 Qd7 18.e4 Bxd4 19.exd5 exd5 20.Bb5  1-0

[Event "Moscow ol (Men)"]
[Site "Moscow"]
[Date "1994.??.??"]
[Round "2"]
[White "Nogueiras, Jesus"]
[Black "Kramnik, Vladimir"]
[Result "1/2-1/2"]
[WhiteElo "2530"]
[BlackElo "2725"]

1.d4 d5 2.c4 e6 3.Nc3 c6 4.e3 Nf6 5.Nf3 Nbd7 6.Bd3 dxc4 7.Bxc4 b5 8.Bd3 Bb7
9.a3 Bd6 10.O-O O-O 11.Bd2 Qe7 12.Rc1 a6 13.Ne4 c5 14.Nxd6 Qxd6  1/2-1/2

[Event "PCA/Intel-GP"]
[Site "Moscow"]
[Date "1994.??.??"]
[Round "3"]
[White "Vyzmanavin, Alexey"]
[Black "Kramnik, Vladimir"]
[Result "1/2-1/2"]
[WhiteElo "2610"]
[BlackElo "2710"]

1.d4 d5 2.c4 c6 3.e3 Nf6 4.Nc3 e6 5.Nf3 Nbd7 6.Qc2 Bd6 7.Bd2 O-O 8.O-O-O b5
9.e4 b4 10.e5 bxc3 11.Bxc3 Be7 12.exf6 Nxf6 13.Ne5 Bb7 14.c5 Nd7 15.Bd3 h6
16.f4 a5 17.Qe2 Nxe5 18.fxe5 Qc8 19.Bb1 Bg5+ 20.Bd2 Ba6 21.Qf2 f5 22.exf6 Rxf6
23.Qg3 Bxd2+ 24.Rxd2 Qb8 25.Qc3 Qb4 26.Qc2 Qc4 27.Qxc4 Bxc4 28.b3 Ba6 29.Kb2 Kf7
30.Kc3 Ke7 31.Re1 Raf8 32.Bc2 Rf2 33.Red1 Rxd2 34.Rxd2 e5 35.dxe5 Ke6 36.b4 Rf4
37.Rd4 Rxd4 38.Kxd4 axb4 39.Ba4 Bc4 40.Bxc6 Bxa2 41.Ba4 Bc4 42.c6 Ba6 43.Bb3 Bc8
44.Bxd5+ Ke7 45.Kc5 Bf5 46.Kxb4 Kd8 47.Kc5 Kc7 48.e6 Bg6 49.e7 Be8 50.Be4 Bf7
51.Bf5 Be8 52.Be4 Bf7 53.Bf3  1/2-1/2

[Event "Moscow ol (Women)"]
[Site "Moscow"]
[Date "1994.??.??"]
[Round "3"]
[White "Herrera, Laura"]
[Black "Shumiakina, Tatiana"]
[Result "1/2-1/2"]
[WhiteElo "2065"]
[BlackElo "2330"]

1.d4 d5 2.c4 e6 3.Nc3 c6 4.e3 Nf6 5.Nf3 Nbd7 6.Qc2 Bd6 7.Bd3 O-O 8.O-O e5
9.cxd5 cxd5 10.dxe5 Nxe5 11.Nxe5 Bxe5 12.h3 Bb8 13.Bf5 Qc7 14.g3 g6 15.Bxc8 Qxc8
16.Kg2 Qc6 17.Qa4 Be5 18.Qxc6 bxc6 19.Bd2 Rab8 20.Rab1 c5 21.Rfd1 Rfd8 22.Na4 Rb5
23.b4 cxb4 24.Rxb4 Rxb4 25.Bxb4 Rc8 26.Nc5 a5 27.Nd3 axb4 28.Nxe5 Rc2 29.Rd4 Ne4
30.Nd3 Rxa2 31.Rxb4 Rd2 32.Rd4 Kg7 33.h4 h5 34.Kf1 Nc3  1/2-1/2

[Event "Moscow ol (Women)"]
[Site "Moscow"]
[Date "1994.??.??"]
[Round "3"]
[White "Ioseliani, Nana"]
[Black "Polgar, Sofia"]
[Result "1/2-1/2"]
[WhiteElo "2435"]
[BlackElo "2450"]

1.d4 d5 2.Nf3 Nf6 3.c4 c6 4.Nc3 e6 5.e3 Nbd7 6.b3 Bb4 7.Bd2 Qe7 8.Be2 O-O
9.O-O b6 10.Qc1 Bb7 11.Bd1 Rac8 12.a3 Bd6 13.Qb2 dxc4 14.bxc4 c5 15.Qb3 e5
16.d5 e4 17.Ne1 a6 18.Qc2 Bc7 19.Rb1 Rce8 20.Bc1 h5 21.g3 Ng4 22.Ng2 f5 23.Nf4 Qd6
24.Ne6 Rf6 25.Nxc7 Qxc7 26.Bb2 Rg6 27.Bxg4 hxg4 28.Ne2 Rh6 29.Nf4 Nf8 30.Qc3 Re7
31.Ba1 Qd6  1/2-1/2

[Event "Moscow ol (Men)"]
[Site "Moscow"]
[Date "1994.??.??"]
[Round "3"]
[White "Arduman, Can"]
[Black "Handoko, Edhi"]
[Result "0-1"]
[WhiteElo "2365"]
[BlackElo "2510"]

1.d4 d5 2.c4 c6 3.Nc3 Nf6 4.e3 e6 5.Nf3 Nbd7 6.Bd3 Bd6 7.e4 dxe4 8.Nxe4 Nxe4
9.Bxe4 Nf6 10.Bc2 b6 11.O-O h6 12.Bd2 O-O 13.Bc3 Qe7 14.Ne5 Bb7 15.Ng4 Nxg4
16.Qxg4 f5 17.Qg6 Rf6 18.Qh5 Bb4 19.Rfe1 Raf8 20.a4 a5 21.Re5 Ba6 22.Bb3 Bxc3
23.bxc3 c5 24.d5 Qd6 25.Rae1 exd5 26.cxd5 c4 27.Bd1 b5 28.axb5 Bxb5 29.Bc2 a4
30.Qd1 a3 31.Qb1 Bd7 32.Qa2 Ra8 33.Bb1 Rb8 34.R5e2 Qxd5 35.Qxa3 Rg6 36.f3 Qxf3
37.Ba2 Bc6 38.Bxc4+ Kh7 39.Qa2 Re8  0-1

[Event "Moscow op"]
[Site "Moscow"]
[Date "1994.??.??"]
[Round "4"]
[White "Panchenko, Alexandar G"]
[Black "Paronjan, Aleksandar"]
[Result "1/2-1/2"]
[WhiteElo "2485"]
[BlackElo "2315"]

1.c4 c6 2.Nf3 d5 3.e3 Nf6 4.Nc3 e6 5.d4 Nbd7 6.Bd3 dxc4 7.Bxc4 b5 8.Be2 Be7
9.O-O O-O 10.a3 Bb7 11.e4 a6 12.b4 a5 13.Rb1 axb4 14.axb4 Nb6 15.Bd3 Na4
16.Ne2 Nb6 17.Qc2 h6 18.Ne5 Qc8 19.Bd2 Nfd7 20.Ng4 Nc4 21.Bxc4 bxc4 22.Rfe1 Nb6
23.Nf4 Bg5 24.Nh5 Qd7 25.Bc3 g6 26.Ng3 Ra3 27.b5 Re8 28.f4 h5 29.fxg5 hxg4
30.Ne2  1/2-1/2

[Event "Moscow ol (Men)"]
[Site "Moscow"]
[Date "1994.??.??"]
[Round "4"]
[White "Comas Fabrego, Luis"]
[Black "Ribli, Zoltan"]
[Result "1/2-1/2"]
[WhiteElo "2500"]
[BlackElo "2605"]

1.d4 d5 2.c4 c6 3.Nf3 Nf6 4.e3 e6 5.Nc3 Nbd7 6.Be2 Bd6 7.O-O O-O 8.b3 b6
9.Bb2 Bb7 10.Qc2 Qc7 11.Rad1 Rad8 12.Rfe1 Rfe8 13.h3 a6 14.e4 Nxe4 15.Nxe4 dxe4
16.Qxe4 Nf6 17.Qc2 Bb4 18.Rf1 Bd6  1/2-1/2

[Event "Moscow ol (Men)"]
[Site "Moscow"]
[Date "1994.??.??"]
[Round "4"]
[White "Stanec, Nikolaus"]
[Black "Valiente, Cristobal"]
[Result "1-0"]
[WhiteElo "2450"]
[BlackElo "2360"]

1.d4 d5 2.c4 c6 3.e3 Nf6 4.Nc3 e6 5.Nf3 Nbd7 6.Qc2 Bd6 7.Be2 O-O 8.O-O dxc4
9.Bxc4 e5 10.Rd1 Qe7 11.e4 b5 12.Bb3 Bb7 13.dxe5 Nxe5 14.Nd4 Bc5 15.Nf5 Qc7
16.h3 g6 17.Be3 Bxe3 18.Nxe3 Qe7 19.f4 Ned7 20.e5 Nc5 21.Rd6 Nxb3 22.Qxb3 Nh5
23.Ng4 Rad8 24.Rad1 Bc8 25.Qb4 Rxd6 26.exd6 Qh4 27.f5  1-0

[Event "Moscow ol (Men)"]
[Site "Moscow"]
[Date "1994.??.??"]
[Round "4"]
[White "Ionescu, Constantin"]
[Black "Zvjaginsev, Vadim"]
[Result "1/2-1/2"]
[WhiteElo "2465"]
[BlackElo "2585"]

1.d4 e6 2.c4 Nf6 3.Nf3 d5 4.Nc3 c6 5.e3 Nbd7 6.Qc2 Bd6 7.Be2 O-O 8.O-O b6
9.e4 dxe4 10.Nxe4 Nxe4 11.Qxe4 Bb7 12.Bf4 Nf6 13.Qe3 Ng4 14.Qd3 c5 15.Rad1 Rc8
16.Ne5 Nf6 17.dxc5 Bxc5 18.Qc3 Qe7 19.Bf3 h6 20.Bxb7 Qxb7 21.b4 Be7 22.b5 Qe4
23.Qd4 Qxd4 24.Rxd4 Bc5 25.Rd3 a6 26.a4 axb5 27.axb5 Rfd8 28.Rfd1 Rxd3 29.Rxd3 Ne4
30.Be3 Bxe3 31.fxe3 f6 32.Nc6 Ra8 33.h4 h5 34.Rd4 Nc5 35.Rd6 Ra1+ 36.Kh2 Rc1
37.Nd4 Rxc4 38.Rxb6 Rb4 39.Rc6 e5 40.Rxc5 exd4 41.exd4 Rxd4 42.Rxh5 g6 43.Rc5 Rxh4+
44.Kg3 Rb4  1/2-1/2

[Event "Moscow ol (Women)"]
[Site "Moscow"]
[Date "1994.??.??"]
[Round "5"]
[White "Horvath, Maria"]
[Black "Benschop, Anne Marie"]
[Result "1/2-1/2"]
[WhiteElo "2045"]
[BlackElo "2195"]

1.d4 d5 2.c4 c6 3.Nf3 Nf6 4.Nc3 e6 5.e3 Nbd7 6.Bd3 Bd6 7.O-O O-O 8.b3 Re8
9.Bb2 a6 10.e4 dxe4 11.Nxe4 Nxe4 12.Bxe4 Nf6 13.Bc2 b5 14.Ne5 Qc7 15.h3 Bb7
16.Re1 Rad8 17.Qe2 Bf8 18.Bd3 Qb6 19.Rac1 Qa5 20.Ba1 Rc8 21.Bb1 Qb6 22.Qd3 g6
23.Qf3 Bg7 24.Be4 Rf8 25.c5 Qc7 26.Bc3 Nxe4 27.Rxe4 Rce8 28.Rce1 f6 29.Nd3 Bc8
30.Qe2 a5 31.Re3 Qf7 32.f4 h6 33.f5 e5 34.dxe5 fxe5 35.Bxe5 Qxf5 36.Bxg7 Rxe3
37.Qxe3 Kxg7  1/2-1/2

[Event "Moscow ol (Men)"]
[Site "Moscow"]
[Date "1994.??.??"]
[Round "5"]
[White "Jooty, A."]
[Black "Jobe, Mopati"]
[Result "0-1"]
[WhiteElo "2205"]
[BlackElo "2180"]

1.d4 d5 2.c4 e6 3.Nc3 c6 4.e3 Nf6 5.Nf3 Nbd7 6.Bd3 dxc4 7.Bxc4 b5 8.Bd3 a6
9.O-O c5 10.b3 cxd4 11.exd4 Bb7 12.a3 Bd6 13.h3 O-O 14.Re1 Rc8 15.Bb2 Nd5
16.Nxd5 Bxd5 17.a4 Bb4 18.Re3 bxa4 19.Rxa4 a5 20.Ba3 Bxa3 21.Rxa3 g6 22.Qd2 Ra8
23.Bc4 Nf6 24.Bxd5 Nxd5 25.Re5 Qc7 26.h4 Rfc8 27.Kh2 f6  0-1

[Event "Moscow ol (Women)"]
[Site "Moscow"]
[Date "1994.??.??"]
[Round "6"]
[White "Petraki, Maria"]
[Black "Gonzalez Perez, Lutgarda"]
[Result "1-0"]
[WhiteElo "2130"]
[BlackElo "2245"]

1.d4 d5 2.c4 c6 3.e3 Nf6 4.Nf3 e6 5.Nc3 Be7 6.Qc2 Nbd7 7.Bd3 dxc4 8.Bxc4 b5
9.Bd3 a6 10.e4 Bb7 11.e5 Nd5 12.Nxd5 cxd5 13.O-O Rc8 14.Qe2 Nb6 15.Ne1 Qd7
16.f4 f5 17.exf6 Bxf6 18.Nf3 O-O 19.g4 Rfe8 20.g5 Bd8 21.Ne5 Qe7 22.Bxh7+ Kxh7
23.Qh5+ Kg8 24.Ng6 Qb4 25.Be3 Nc4 26.Qh8+ Kf7 27.Ne5+ Ke7 28.Qxg7+  1-0

[Event "Moscow op"]
[Site "Moscow"]
[Date "1994.??.??"]
[Round "7"]
[White "Iskusnyh, Sergei"]
[Black "Burmakin, Vladimir"]
[Result "0-1"]
[WhiteElo "2425"]
[BlackElo "2530"]

1.d4 d5 2.c4 c6 3.Nc3 e6 4.e3 Nf6 5.Nf3 Nbd7 6.Bd3 dxc4 7.Bxc4 b5 8.Bd3 b4
9.Ne4 Be7 10.O-O O-O 11.a3 c5 12.axb4 cxb4 13.Nxf6+ Nxf6 14.e4 Bb7 15.Qe2 a5
16.b3 Qb6 17.Bb2 Ba6 18.Ne5 Bxd3 19.Qxd3 Qb7 20.f3 Nd7 21.Nxd7 Qxd7 22.Rfc1 Rfd8
23.Rc4 a4 24.bxa4 Rxa4 25.Rxa4 Qxa4 26.Kf1 Qb5 27.Ke2 Qh5 28.h3 Qa5 29.Kf1 Qb5
30.Ke2 Qb8 31.Qe3 h6 32.f4 Bd6 33.e5 Bf8 34.Qe4 Qa7 35.Qc6 Qa2 36.Rc2 Qb1
37.Rd2 Qf5 38.Kf3 Qh5+ 39.Ke3 Rd5 40.Qc4 Qh4 41.Qf1 Qg3+ 42.Qf3 Qe1+ 43.Qe2 Qh4
44.Rc2 Ra5 45.Kf3 Qh5+ 46.Ke3 Qh4 47.Kf3 Ra2 48.Qc4 Qh5+ 49.Ke3 Qd1 50.Rd2 Qe1+
51.Qe2 Qb1 52.Kf3 b3 53.d5 Bb4 54.dxe6 fxe6 55.Rd8+ Kh7 56.Rd1 Qc2  0-1

[Event "Moscow ol (Men)"]
[Site "Moscow"]
[Date "1994.??.??"]
[Round "7"]
[White "Norri, Joose"]
[Black "O'Donnell, Tom"]
[Result "1-0"]
[WhiteElo "2375"]
[BlackElo "2410"]

1.d4 d5 2.c4 e6 3.Nf3 c6 4.Nc3 Nf6 5.e3 Nbd7 6.Bd3 dxc4 7.Bxc4 b5 8.Bd3 Bb7
9.e4 b4 10.Na4 c5 11.e5 Nd5 12.O-O cxd4 13.Nxd4 Nxe5 14.Bb5+ Nd7 15.Re1 Rc8
16.Qg4 Nf6 17.Qe2 a6 18.Bc4 Nd5 19.Bxa6 Bxa6 20.Qxa6 Ra8 21.Qc4 Rxa4 22.Qxd5 Be7
23.Qc6 Qa8 24.Qc7 Nf6 25.Nf5 Bf8 26.Bg5 Nd5 27.Qe5 Rg8 28.Rad1 Ra5 29.Nd6+ Bxd6
30.Qxd6 Nf6 31.Rxe6+ fxe6 32.Qxe6+ Kf8 33.Bxf6 gxf6 34.Qxf6+ Ke8 35.Re1+ Kd7
36.Re7+  1-0

[Event "Moscow op"]
[Site "Moscow"]
[Date "1994.??.??"]
[Round "8"]
[White "Burmakin, Vladimir"]
[Black "Paronjan, Aleksandar"]
[Result "1-0"]
[WhiteElo "2530"]
[BlackElo "2315"]

1.d4 d5 2.c4 c6 3.Nf3 Nf6 4.Nc3 e6 5.e3 Nbd7 6.Qc2 Bd6 7.Be2 O-O 8.O-O dxc4
9.Bxc4 Qe7 10.h3 c5 11.a3 b6 12.dxc5 Bxc5 13.e4 Bd6 14.Nb5 Bb7 15.Re1 Ne5
16.Nxe5 Bxe5 17.f4 Bb8 18.e5 Nd5 19.Qf2 f6 20.exf6 Qxf6 21.f5 a6 22.Nc3 Be5
23.Nxd5 exd5 24.Bd3 Rae8 25.Kh1 Qd6 26.Qf1 a5 27.Rb1 Qf6 28.Qf2 Qd6 29.Qf3 Re7
30.Bg5 Ref7 31.Qe3 Rxf5 32.Bxf5 Rxf5 33.Rf1 Qg6 34.Rxf5 Qxf5 35.Re1 Qe4 36.Qf2 Qd4
37.Qf5  1-0

[Event "Moscow ol (Men)"]
[Site "Moscow"]
[Date "1994.??.??"]
[Round "8"]
[White "Abdulla, Al Rakib"]
[Black "Prie, Eric"]
[Result "0-1"]
[WhiteElo "2130"]
[BlackElo "2475"]

1.d4 d5 2.c4 e6 3.Nc3 c6 4.e3 Nf6 5.Nf3 Nbd7 6.Bd3 Bd6 7.O-O O-O 8.Re1 e5
9.cxd5 cxd5 10.e4 exd4 11.Nxd5 Nxd5 12.exd5 Bc5 13.Bg5 Qb6 14.Rb1 h6 15.b4 hxg5
16.bxc5 Qxc5 17.Nxg5 Nf6 18.Rb5 Qc3 19.Ne4 Nxe4 20.Bxe4 Bg4 21.Qb1 Rfe8 22.Rc1 Qd2
23.f3 Rac8 24.Rf1 Bd7 25.Rxb7 Ba4 26.Qd3 Qxd3 27.Bxd3 Bc2 28.d6 Bxd3 29.d7 Bxf1
30.dxc8=Q Rxc8 31.Kxf1 Rc4 32.Ke2 Rc2+ 33.Kd3 Rxa2 34.Kxd4 Rxg2 35.Rxa7 Rxh2
36.Ke5 Rh4 37.f4 g6 38.Ra8+ Kg7 39.Ra7 Rh5+ 40.Ke4 Rf5 41.Rb7 Kh6 42.Rb1 Ra5
43.Kf3 Ra3+ 44.Kg4 f5+ 45.Kh4 Rf3 46.Rb4 Rf1 47.Ra4 Rg1 48.Kh3 Rg4 49.Rb4 Kh5  0-1

[Event "Moscow ol (Women)"]
[Site "Moscow"]
[Date "1994.??.??"]
[Round "8"]
[White "Foisor, Cristina Adela B"]
[Black "Danielian, Elina"]
[Result "1/2-1/2"]
[WhiteElo "2405"]
[BlackElo "2320"]

1.Nf3 d5 2.c4 c6 3.e3 Nf6 4.Nc3 e6 5.d4 Bd6 6.Qc2 Nbd7 7.Be2 O-O 8.O-O dxc4
9.Bxc4 e5 10.h3 exd4 11.Nxd4 Ne5 12.Be2 c5 13.Nf5 Bxf5 14.Qxf5 Rc8 15.Rd1 Qe7
16.b3 Rfd8 17.Bb2 Bb8 18.Bf1 c4 19.Rxd8+ Rxd8 20.bxc4 Qc7 21.g3 Nxc4 22.Nb5 Qc8
23.Qxc8 Rxc8 24.Rc1 Nd6 25.Rxc8+ Nxc8 26.Bg2 b6 27.e4 Nd7 28.f4 Nd6 29.Nxd6 Bxd6
30.e5 Bc7 31.Kf1 Kf8 32.Ke2 Ke7 33.Be4 g6 34.Kf3 b5 35.Ba3+ Kd8 36.Bd5 a5
37.Bxf7 Bxe5 38.Bg8 Bc3 39.Bxh7 b4 40.Bc1 Nf8 41.Bg8 Ke7 42.Ke4 Nd7 43.Bc4 a4
44.Be3 Kd6 45.Kd3 Nc5+ 46.Kc2 Ne4 47.g4 Be1 48.Bf7 Ke7 49.Bxg6 Nf2 50.Bc5+ Kf6
51.Be8 b3+ 52.axb3 axb3+ 53.Kxb3 Nxh3 54.f5 Bg3 55.Kc4 Nf2 56.Bd4+ Kg5 57.Bh5 Nxg4
58.Bxg4 Kxg4 59.f6 Bd6 60.Kd5 Bf8 61.Ke6 Kg5 62.Bb6 Kg6 63.Bd8 Bg7 64.f7 Bf8
65.Be7 Kg7 66.Bh4 Kg6 67.Bf6 Bh6 68.Ke7 Kh7 69.Ke8 Kg6 70.Be7 Bg7 71.Bc5 Bh6
72.Bf8 Bd2 73.Bg7 Bb4 74.Bc3 Bc5 75.Bd4 Bb4 76.Bb6 Kf6 77.Bf2 Ke6 78.Bh4 Bc5
79.Bg5 Bb4 80.Bh6 Bc5 81.Bf8 Be3 82.Bb4 Bh6 83.Bc3 Kd6 84.Bd2 Bg7 85.Bg5 Ke6
86.Be7 Bh6 87.Ba3 Bg7 88.Bc1 Kd6 89.Bg5 Ke6 90.Bf4 Kf5 91.Bd2 Ke6 92.f8=Q Bxf8  1/2-1/2

[Event "Moscow ol (Men)"]
[Site "Moscow"]
[Date "1994.??.??"]
[Round "10"]
[White "San Segundo, Pablo"]
[Black "Nadera, Barlo A"]
[Result "1/2-1/2"]
[WhiteElo "2485"]
[BlackElo "2405"]

1.d4 Nf6 2.c4 e6 3.Nf3 d5 4.Nc3 c6 5.e3 Nbd7 6.Bd3 dxc4 7.Bxc4 b5 8.Bd3 Bb7
9.e4 b4 10.Na4 c5 11.e5 Nd5 12.O-O cxd4 13.Re1 a6 14.Bd2 Be7 15.Nxd4 g6 16.Rc1 Rc8
17.Rxc8 Qxc8 18.Qg4 Qb8 19.Qg3 Qa7 20.Nf3 Bc6 21.b3 Bxa4 22.bxa4 Nc5 23.Bc2 Qd7
24.h4 h5 25.a5 Qd8 26.Ng5 Bxg5 27.Bxg5 Qxa5 28.Rc1 Qb5 29.Kh2 a5 30.Bf4 Rg8
31.Bg5 Kd7 32.Qf3 Ke8 33.Ba4 Qxa4 34.Rxc5 Qd7 35.Rxa5 f5 36.exf6 Kf7 37.g3 Rc8
38.Be3 Rc3 39.Rxd5 Qxd5 40.Qf4 Rc8 41.Qxb4 Re8 42.Bg5 e5 43.a4 Re6 44.Qb8 Rd6
45.a5 Rd7 46.a6 Qf3 47.Be3 Rd1 48.Qc7+ Ke6 49.Qc8+ Kf7 50.Qc7+ Ke6 51.Qc8+  1/2-1/2

[Event "Moscow ol (Women)"]
[Site "Moscow"]
[Date "1994.??.??"]
[Round "11"]
[White "Mamedova, Rena"]
[Black "Botsari Miladinovic, Anna Maria"]
[Result "1-0"]
[WhiteElo "2155"]
[BlackElo "2330"]

1.d4 d5 2.c4 e6 3.Nf3 Nf6 4.Nc3 c6 5.e3 Nbd7 6.Be2 Bd6 7.O-O O-O 8.b3 Ne4
9.Nxe4 dxe4 10.Nd2 f5 11.f4 exf3 12.Rxf3 c5 13.Bb2 e5 14.Nf1 e4 15.Rf2 Nf6
16.dxc5 Bxc5 17.Qxd8 Rxd8 18.Bxf6 gxf6 19.g4 Kf7 20.gxf5 Rg8+ 21.Kh1 Rg5
22.Rd1 Ke7 23.h4 Rg7 24.Rf4 b6 25.Rxe4+ Kf7 26.Bh5+  1-0

[Event "Moscow ol (Men)"]
[Site "Moscow"]
[Date "1994.??.??"]
[Round "12"]
[White "Zvjaginsev, Vadim"]
[Black "Kramnik, Vladimir"]
[Result "1/2-1/2"]
[WhiteElo "2585"]
[BlackElo "2725"]

1.d4 d5 2.c4 c6 3.e3 Nf6 4.Nc3 e6 5.Nf3 Nbd7 6.Qc2 Bd6 7.Be2 O-O 8.O-O Re8
9.Rd1 b6 10.e4 Nxe4 11.Nxe4 dxe4 12.Qxe4 Qc7 13.Be3 Bb7 14.c5 bxc5 15.dxc5 Bf8
16.Rac1 Nf6 17.Qf4 e5 18.Qg3 Nd5 19.Bg5 Re6 20.Qh4  1/2-1/2

[Event "Moscow ol (Men)"]
[Site "Moscow"]
[Date "1994.??.??"]
[Round "13"]
[White "Elbilia, Jacques"]
[Black "Tuvsanaa, Nyamaa"]
[Result "1/2-1/2"]
[WhiteElo "2315"]
[BlackElo "2290"]

1.d4 d5 2.c4 c6 3.Nf3 Nf6 4.Nc3 e6 5.e3 Nbd7 6.Qc2 Bd6 7.Be2 O-O 8.O-O dxc4
9.Bxc4 e5 10.h3 exd4 11.Nxd4 Ne5 12.Be2 Ng6 13.Rd1 Qe8 14.Nf3 Rb8 15.b3 Qe7
16.Bb2 Re8 17.Rac1 Nh5 18.Qe4 Be6 19.Bc4 Nf6 20.Qd3 Bxc4 21.Qxc4 Ne5 22.Qe2 Nxf3+
23.Qxf3 Be5 24.Qe2 Rbd8 25.Na4 Ne4 26.Bxe5 Qxe5 27.Rxd8 Rxd8 28.Rd1 Rd5 29.Rxd5 Qxd5
30.Qc2 h6 31.Nc3 Nxc3 32.Qxc3 Qd1+ 33.Kh2 Qe2 34.Qe5 Qxf2 35.Qb8+ Kh7 36.Qxb7 f5
37.Qd7 h5 38.Qe8 h4  1/2-1/2

[Event "Moscow ol (Women)"]
[Site "Moscow"]
[Date "1994.??.??"]
[Round "13"]
[White "Voiska, Margarita"]
[Black "Basagic, Vesna"]
[Result "1/2-1/2"]
[WhiteElo "2350"]
[BlackElo "2355"]

1.d4 d5 2.c4 c6 3.Nf3 Nf6 4.e3 e6 5.Nc3 Nbd7 6.Bd3 Bd6 7.O-O Qe7 8.e4 dxc4
9.Bxc4 e5 10.dxe5 Nxe5 11.Nxe5  1/2-1/2